000
00303nam a2200121Ia 4500
008
190802s9999 xx 000 0 und d
020
_a
978-93-325-8560-7
100
_a
M.Morris Mano
245
0
_a
Computer System Architecture
260
_a
New Delhi
_b
Crc Press
_c
2018
300
_a
586:p
942
_c
BK
999
_c
2306
_d
2306